Pasajero para Frankfurt /
Guardado en:
| Autor Principal: | |
|---|---|
| Otros Autores: | |
| Formato: | Libro |
| Publicado: |
Buenos Aires :
booket,
2016.
|
| Materias: | |
| Etiquetas: |
Agregar Etiqueta
Sin Etiquetas, Sea el primero en etiquetar este registro!
|
| LEADER | 00632nam a22002055a 4500 | ||
|---|---|---|---|
| 001 | CEM.cems020220 | ||
| 008 | 230622s2016##################000#0#####d | ||
| 005 | 20230622181558.0 | ||
| 245 | 1 | 0 | |a Pasajero para Frankfurt / |c Agatha Christie ; traducido por Ramón Margalef Llambrich. |
| 260 | |a Buenos Aires : |b booket, |c 2016. | ||
| 300 | |a 232 p. | ||
| 020 | |a 9789875808072 | ||
| 100 | 1 | |a Christie, Agatha | |
| 700 | 1 | |a llambrich, Ramón Margalef. | |
| 082 | 0 | 4 | |a 823.9 |
| 653 | |a Literatura | ||
| 653 | |a Literatura inglesa | ||
| 653 | |a Novela | ||
| 653 | |a Novela policial | ||
| 859 | |a CEMS |b BIB. CEMS - 11 de abril |h 823.9 |i Ch984-10 |p 29445.23 |t Ej.1 | ||
